[Event "XI GRAN TORNEO INTERNACIONAL AFICIONADOS"]
[Site "Benidorm (Alicante - SPAIN)"]
[Date "2012.12.04"]
[Round "5"]
[White "Cano Gimenez, Vicente"]
[Black "Martin Rueda, Daniel"]
[Result "0-1"]
[WhiteElo "2213"]
[BlackElo "2290"]
[PlyCount "42"]
[EventDate "2012.11.30"]
[EventRounds "10"]
[EventCountry "ESP"]

1. Nf3 d5 2. c4 c6 3. g3 Nf6 4. Bg2 dxc4 5. Qc2 Nbd7 6. Qxc4 e5 7. O-O Bd6 8.
Nc3 O-O 9. d3 h6 10. Qh4 Re8 11. Bd2 Nf8 12. Qa4 Bf5 13. Qb3 Qd7 14. Rfd1 Ne6
15. Ne4 Nxe4 16. dxe4 Bxe4 17. Nxe5 Bxe5 18. Bxe4 Nc5 19. Qf3 Nxe4 20. Ba5 Bd6
21. Rd4 Qe6 0-1

[Event "XI GRAN TORNEO INTERNACIONAL AFICIONADOS"]
[Site "Benidorm (Alicante - SPAIN)"]
[Date "2012.12.04"]
[Round "5"]
[White "Ustianovich, Nazar"]
[Black "Ivanov, Borislav"]
[Result "1/2-1/2"]
[WhiteElo "2264"]
[BlackElo "2201"]
[PlyCount "68"]
[EventDate "2012.11.30"]
[EventRounds "10"]
[EventCountry "ESP"]

1. Nf3 Nf6 2. c4 c6 3. d4 d5 4. e3 Bf5 5. Nc3 e6 6. Nh4 Bg6 7. Be2 Nbd7 8. O-O
Bd6 9. g3 O-O 10. Nxg6 hxg6 11. Qc2 dxc4 12. Bxc4 c5 13. dxc5 Nxc5 14. Rd1 Qe7
15. Bd2 a6 16. Rac1 Rac8 17. Qb1 b5 18. Bf1 b4 19. Ne2 a5 20. Nd4 Qb7 21. Be1
Rfd8 22. Bg2 Qb6 23. Qc2 e5 24. Nc6 Rxc6 25. Bxc6 Qxc6 26. Rxd6 Qxd6 27. Qxc5
Qxc5 28. Rxc5 Rd5 29. Rxd5 Nxd5 30. e4 Nb6 31. b3 Nd7 32. f3 g5 33. Kf2 Kf8 34.
Bd2 f6 1/2-1/2

[Event "XI GRAN TORNEO INTERNACIONAL AFICIONADOS"]
[Site "Benidorm (Alicante - SPAIN)"]
[Date "2012.12.04"]
[Round "5"]
[White "Goormachtigh, Johan"]
[Black "Suarez Uriel, Adrian"]
[Result "1/2-1/2"]
[WhiteElo "2187"]
[BlackElo "2241"]
[PlyCount "56"]
[EventDate "2012.11.30"]
[EventRounds "10"]
[EventCountry "ESP"]

1. d4 Nf6 2. c4 g6 3. Nc3 d5 4. Bf4 Bg7 5. e3 O-O 6. Rc1 c5 7. dxc5 Qa5 8. Nf3
dxc4 9. Bxc4 Qxc5 10. Bb3 Nc6 11. O-O Qh5 12. Nd2 Rd8 13. Bc7 Rd7 14. Bg3 b6
15. Qxh5 Nxh5 16. Nf3 Nxg3 17. hxg3 Bb7 18. Ng5 Ne5 19. f4 Bh6 20. Nce4 Bxe4
21. Nxe4 Ng4 22. Rfe1 Rd3 23. Nf2 Nxf2 24. Kxf2 Bg7 25. Re2 h5 26. Rec2 Bf6 27.
Bc4 Rd6 28. Ba6 Rad8 1/2-1/2

[Event "XI GRAN TORNEO INTERNACIONAL AFICIONADOS"]
[Site "Benidorm (Alicante - SPAIN)"]
[Date "2012.12.04"]
[Round "5"]
[White "Sos Andreu, Eric"]
[Black "Sokalsky, Alexander"]
[Result "1/2-1/2"]
[WhiteElo "2144"]
[BlackElo "2230"]
[PlyCount "59"]
[EventDate "2012.11.30"]
[EventRounds "10"]
[EventCountry "ESP"]

1. d4 Nf6 2. c4 e6 3. Nf3 d5 4. g3 Be7 5. Bg2 O-O 6. O-O dxc4 7. Qc2 a6 8. a4
Bd7 9. Qxc4 Bc6 10. Bf4 Nd5 11. Nc3 g5 12. Bd2 Nd7 13. Nxd5 Bxd5 14. Qc2 f5 15.
Rfc1 Rc8 16. Ne1 c6 17. e4 fxe4 18. Bxe4 Qe8 19. Bxh7+ Kg7 20. Be4 Qh5 21. Bxd5
exd5 22. Be3 Nf6 23. f3 g4 24. Qg2 Bb4 25. fxg4 Nxg4 26. Bf4 Rce8 27. Nd3 Ne3
28. Qf2 Ng4 29. Qg2 Ne3 30. Qf2 1/2-1/2

[Event "XI GRAN TORNEO INTERNACIONAL AFICIONADOS"]
[Site "Benidorm (Alicante - SPAIN)"]
[Date "2012.12.04"]
[Round "5"]
[White "Parligras, Cosmin"]
[Black "Suarez Roa, Jose Francisco"]
[Result "1-0"]
[WhiteElo "2298"]
[BlackElo "2141"]
[PlyCount "89"]
[EventDate "2012.11.30"]
[EventRounds "10"]
[EventCountry "ESP"]

1. Nf3 e6 2. c4 Nf6 3. Nc3 d5 4. d4 c5 5. cxd5 exd5 6. Bg5 Be7 7. dxc5 Nc6 8.
e3 Bxc5 9. Be2 Be6 10. O-O Be7 11. Qa4 O-O 12. Rfd1 Qb6 13. Qb5 Qxb5 14. Nxb5
Rac8 15. Rac1 Rfe8 16. Bxf6 gxf6 17. Nfd4 Nxd4 18. Nxd4 Rxc1 19. Rxc1 Rc8 20.
Rxc8+ Bxc8 21. Kf1 Bb4 22. Bf3 Be6 23. Ke2 a6 24. a3 Ba5 25. h3 Kf8 26. e4 dxe4
27. Bxe4 Bc4+ 28. Ke3 b5 29. b4 Bb6 30. Bxh7 Bf1 31. Be4 f5 32. Bxf5 Bxg2 33.
Bc8 a5 34. bxa5 Bxa5 35. Nxb5 Bf1 36. Nd4 Bb6 37. Ke4 Kg7 38. f3 Kf6 39. Nc6
Bb5 40. Bd7 Bc5 41. Ne5 Ba6 42. a4 Ke7 43. Kd5 Bd6 44. Nxf7 Bf4 45. Ne5 1-0

[Event "XI GRAN TORNEO INTERNACIONAL AFICIONADOS"]
[Site "Benidorm (Alicante - SPAIN)"]
[Date "2012.12.04"]
[Round "5"]
[White "Voiteanu, Gabriel"]
[Black "Arata, Roberto Mario"]
[Result "1-0"]
[WhiteElo "2281"]
[BlackElo "2205"]
[PlyCount "120"]
[EventDate "2012.11.30"]
[EventRounds "10"]
[EventCountry "ESP"]

1. Nf3 d5 2. d4 e6 3. g3 c5 4. Bg2 Nf6 5. O-O Nc6 6. c4 Be7 7. Nc3 O-O 8. cxd5
exd5 9. Bg5 cxd4 10. Nxd4 h6 11. Be3 Re8 12. Rc1 Be6 13. Ncb5 Qd7 14. Nxc6 bxc6
15. Nd4 Rac8 16. Nb3 Bh3 17. Bd4 Bxg2 18. Kxg2 Ne4 19. Nc5 Bxc5 20. Bxc5 Ng5
21. b4 Qh3+ 22. Kg1 Ne4 23. Bd4 Re6 24. Rc2 Nd6 25. e3 Nf5 26. Bxa7 Nd6 27. Bd4
Qf5 28. f3 Nb5 29. a4 Nxd4 30. exd4 Rb8 31. Rb2 Re3 32. b5 Rb6 33. Rb3 Re8 34.
Qb1 Qd7 35. Qd3 cxb5 36. axb5 Rc8 37. Ra1 g6 38. Qd2 Rxb5 39. Rxb5 Qxb5 40.
Qxh6 Qb2 41. Rd1 Qe2 42. Rc1 Rc4 43. Rb1 Rc8 44. Qf4 Qa2 45. Rb8 Rxb8 46. Qxb8+
Kg7 47. Qe5+ Kg8 48. Qf6 Qa5 49. h4 Qe1+ 50. Kg2 Qe2+ 51. Kh3 Qf1+ 52. Kg4 Qe1
53. Qe5 Qa5 54. Kg5 Qd8+ 55. Qf6 Qb8 56. f4 Qc8 57. g4 Qf8 58. h5 gxh5 59. gxh5
Kh7 60. h6 Qg8+ 1-0

[Event "XI GRAN TORNEO INTERNACIONAL AFICIONADOS"]
[Site "Benidorm (Alicante - SPAIN)"]
[Date "2012.12.04"]
[Round "5"]
[White "Ibarra Jerez, Juan Miguel"]
[Black "Gallardo Fernandez, Cesar"]
[Result "1/2-1/2"]
[WhiteElo "2278"]
[BlackElo "2201"]
[PlyCount "115"]
[EventDate "2012.11.30"]
[EventRounds "10"]
[EventCountry "ESP"]

1. e4 d6 2. d4 Nf6 3. Nc3 c6 4. Nf3 Bg4 5. Be3 Nbd7 6. Be2 e5 7. h3 Bh5 8. a4
Bg6 9. Nd2 Be7 10. g4 exd4 11. Bxd4 Nc5 12. f3 Ne6 13. Nc4 d5 14. exd5 Nxd5 15.
Nxd5 Qxd5 16. Be3 O-O 17. O-O Bc5 18. Qxd5 cxd5 19. Bxc5 Nxc5 20. Ne3 Rfe8 21.
Kf2 d4 22. Nf5 Bxf5 23. gxf5 Re5 24. Rfd1 Rd5 25. b4 Nd7 26. c4 Rd6 27. c5 Rd5
28. Bc4 Rxf5 29. Rxd4 Ne5 30. Rad1 Rxf3+ 31. Kg2 g6 32. Bd5 Rc3 33. Bxb7 Rb8
34. Rd8+ Rxd8 35. Rxd8+ Kg7 36. Rc8 Nd3 37. Be4 Nxb4 38. c6 f5 39. Bf3 Nd3 40.
Be2 Nf4+ 41. Kf1 Nxh3 42. a5 Rc1+ 43. Kg2 Nf4+ 44. Kf3 Nxe2 45. Kxe2 h5 46. c7
h4 47. Kf3 g5 48. a6 Rc3+ 49. Kg2 g4 50. Rb8 Rc2+ 51. Kg1 Rc1+ 52. Kg2 h3+ 53.
Kh2 Rc2+ 54. Kg1 Rc1+ 55. Kh2 Rc2+ 56. Kg1 Rc1+ 57. Kh2 Rc2+ 58. Kg1 1/2-1/2

[Event "XI GRAN TORNEO INTERNACIONAL AFICIONADOS"]
[Site "Benidorm (Alicante - SPAIN)"]
[Date "2012.12.04"]
[Round "5"]
[White "Alonso Alvarez, Aitor"]
[Black "Diaz Velandia, Jose Manuel"]
[Result "1/2-1/2"]
[WhiteElo "2196"]
[BlackElo "2261"]
[PlyCount "97"]
[EventDate "2012.11.30"]
[EventRounds "10"]
[EventCountry "ESP"]

1. e4 c6 2. d4 d5 3. f3 e6 4. Nc3 Bb4 5. Qd3 b6 6. Nge2 Ne7 7. Bf4 a5 8. a3 Ba6
9. Qe3 Bd6 10. O-O-O b5 11. Bxd6 Qxd6 12. Qg5 b4 13. e5 Qd8 14. Nb1 bxa3 15.
Nxa3 Nf5 16. Qd2 Nd7 17. Ng3 Nxg3 18. hxg3 Bxf1 19. Rdxf1 Rb8 20. f4 Qb6 21. c3
c5 22. g4 cxd4 23. cxd4 Qb4 24. Qxb4 Rxb4 25. Nc2 Rb7 26. Rh3 Ke7 27. Rfh1 Rhb8
28. Rxh7 Rxb2 29. R1h3 Rb1+ 30. Kd2 Nb6 31. Ne3 Rb2+ 32. Ke1 a4 33. Nd1 Rb3 34.
Rxb3 axb3 35. f5 Na4 36. Rxg7 Rh8 37. g5 Kf8 38. f6 Rh1+ 39. Ke2 Rg1 40. g6
Rxg2+ 41. Kd3 Rxg6 42. Rxg6 fxg6 43. Nf2 b2 44. Kc2 Nc3 45. Kxb2 Ne2 46. Nh3
Nxd4 47. Ng5 Kg8 48. Kc3 Nc6 49. Nxe6 1/2-1/2

[Event "XI GRAN TORNEO INTERNACIONAL AFICIONADOS"]
[Site "Benidorm (Alicante - SPAIN)"]
[Date "2012.12.04"]
[Round "5"]
[White "Scharrer, Patrick"]
[Black "Burriel, Carlos"]
[Result "0-1"]
[WhiteElo "2256"]
[BlackElo "2159"]
[PlyCount "92"]
[EventDate "2012.11.30"]
[EventRounds "10"]
[EventCountry "ESP"]

1. e4 Nf6 2. e5 Nd5 3. d4 d6 4. c4 Nb6 5. exd6 cxd6 6. Nc3 g6 7. Be3 Bg7 8. Rc1
O-O 9. Nf3 Bg4 10. Be2 Nc6 11. d5 Bxf3 12. Bxf3 Ne5 13. b3 Nxf3+ 14. Qxf3 Nd7
15. O-O a6 16. Qe2 Rc8 17. Ne4 h6 18. f4 f5 19. Nd2 Re8 20. Rfe1 Qa5 21. Nf3 e5
22. dxe6 Rxe6 23. Qd2 Qxd2 24. Bxd2 Rxe1+ 25. Rxe1 Kf7 26. Bb4 Nc5 27. Bxc5
Rxc5 28. Rd1 Ke6 29. Kf2 b5 30. cxb5 axb5 31. Ke3 Rc2 32. Rd2 Rc1 33. Nd4+
Bxd4+ 34. Kxd4 Re1 35. g3 g5 36. Kc3 Re4 37. Rd4 Re2 38. Rd2 Rxd2 39. Kxd2 b4
40. fxg5 hxg5 41. h4 gxh4 42. gxh4 d5 43. Ke3 Kf6 44. Kf4 d4 45. h5 Kg7 46. Kf3
Kh6 0-1

[Event "XI GRAN TORNEO INTERNACIONAL AFICIONADOS"]
[Site "Benidorm (Alicante - SPAIN)"]
[Date "2012.12.04"]
[Round "5"]
[White "Pena Riasco, Alexander"]
[Black "Dos Santos De Oliveira, Sancho"]
[Result "1/2-1/2"]
[WhiteElo "2176"]
[BlackElo "2242"]
[PlyCount "71"]
[EventDate "2012.11.30"]
[EventRounds "10"]
[EventCountry "ESP"]

1. e4 c5 2. Nf3 d6 3. d4 cxd4 4. Nxd4 Nf6 5. Nc3 a6 6. f3 e5 7. Nb3 Be6 8. Be3
h5 9. Qd2 Nbd7 10. O-O-O Be7 11. Qf2 b5 12. a3 Rb8 13. Nd5 Bxd5 14. exd5 Qc7
15. Kb1 O-O 16. h3 a5 17. Nc1 Rfc8 18. g4 Qb7 19. Qd2 Nc5 20. g5 b4 21. axb4
axb4 22. Bxc5 Rxc5 23. Nb3 Rxd5 24. Bd3 Ne8 25. Bh7+ Kxh7 26. Qxd5 Qxd5 27.
Rxd5 Bxg5 28. Na5 Be3 29. Re1 Bc5 30. Nb3 Nc7 31. Rd2 f6 32. Nxc5 dxc5 33. f4
exf4 34. Re4 f3 35. Re3 Nb5 36. Rxf3 1/2-1/2

[Event "XI GRAN TORNEO INTERNACIONAL AFICIONADOS"]
[Site "Benidorm (Alicante - SPAIN)"]
[Date "2012.12.04"]
[Round "5"]
[White "Remolar Gallen, Jose"]
[Black "Lopez Del Alamo, Antonio"]
[Result "0-1"]
[WhiteElo "2172"]
[BlackElo "2241"]
[PlyCount "34"]
[EventDate "2012.11.30"]
[EventRounds "10"]
[EventCountry "ESP"]

1. e4 c5 2. c3 Nf6 3. e5 Nd5 4. d4 cxd4 5. Qxd4 e6 6. Nf3 Nc6 7. Qe4 f5 8. exf6
Nxf6 9. Qh4 Be7 10. Bd3 d5 11. Qg3 O-O 12. Bh6 Ne8 13. Bf4 Nf6 14. Bh6 Ne8 15.
Bf4 e5 16. Nxe5 Nxe5 17. Bxe5 Bh4 0-1

[Event "XI GRAN TORNEO INTERNACIONAL AFICIONADOS"]
[Site "Benidorm (Alicante - SPAIN)"]
[Date "2012.12.04"]
[Round "5"]
[White "Jimenez Martinez, Jose Vicente"]
[Black "Lorente Penalba, Diego"]
[Result "1/2-1/2"]
[WhiteElo "2233"]
[BlackElo "2148"]
[PlyCount "29"]
[EventDate "2012.11.30"]
[EventRounds "10"]
[EventCountry "ESP"]

1. d4 d6 2. c4 e5 3. d5 f5 4. g3 Nf6 5. Bg2 Be7 6. Nf3 O-O 7. O-O Qe8 8. Nc3
Qh5 9. e3 g5 10. Ne1 g4 11. f4 e4 12. Nc2 c5 13. dxc6 bxc6 14. b3 Na6 15. h3
1/2-1/2

[Event "XI GRAN TORNEO INTERNACIONAL AFICIONADOS"]
[Site "Benidorm (Alicante - SPAIN)"]
[Date "2012.12.04"]
[Round "5"]
[White "Reyes Larenas, Luis"]
[Black "Johansen, Stian"]
[Result "0-1"]
[WhiteElo "2198"]
[BlackElo "2018"]
[PlyCount "63"]
[EventDate "2012.11.30"]
[EventRounds "10"]
[EventCountry "ESP"]

1. e4 e5 2. Nf3 Nc6 3. Bb5 a6 4. Ba4 Nf6 5. d3 b5 6. Bb3 Be7 7. O-O O-O 8. c3
d5 9. Qe2 dxe4 10. dxe4 h6 11. Rd1 Bd6 12. Nbd2 Nh5 13. Nf1 Qf6 14. Be3 Bd7 15.
Ng3 Nxg3 16. hxg3 Rad8 17. Bc2 Ne7 18. Bb3 Bg4 19. a4 Qg6 20. axb5 axb5 21.
Qxb5 Qxe4 22. Nd2 Qg6 23. Rdc1 Rb8 24. Qa4 Rfd8 25. Ne4 Bd7 26. Qa2 Rxb3 27.
Qxb3 Qxe4 28. Kh2 Qg6 29. Ba7 Be6 30. Qc2 Ra8 31. b4 e4 32. b5 0-1

[Event "XI GRAN TORNEO INTERNACIONAL AFICIONADOS"]
[Site "Benidorm (Alicante - SPAIN)"]
[Date "2012.12.04"]
[Round "5"]
[White "Mingarro Carceller, Sergi"]
[Black "Lopez Mulet, Inigo"]
[Result "1-0"]
[WhiteElo "2189"]
[BlackElo "2064"]
[PlyCount "59"]
[EventDate "2012.11.30"]
[EventRounds "10"]
[EventCountry "ESP"]

1. d4 Nf6 2. c4 c5 3. d5 g6 4. Nc3 d6 5. g3 Bg7 6. Bg2 O-O 7. Nf3 e6 8. O-O Na6
9. Nd2 Nc7 10. a4 Rb8 11. Re1 b6 12. e4 a6 13. f4 e5 14. Nf1 Bd7 15. Be3 Ng4
16. Bc1 b5 17. h3 Nf6 18. fxe5 dxe5 19. Be3 bxc4 20. Bxc5 Re8 21. Qe2 Bf8 22.
Bxf8 Rxf8 23. Ne3 Nh5 24. Nxc4 Nxg3 25. Qf2 Qg5 26. Qe3 Qf4 27. d6 Ne6 28. Nd5
Qh4 29. Nxe5 Rfd8 30. Nf3 1-0

[Event "XI GRAN TORNEO INTERNACIONAL AFICIONADOS"]
[Site "Benidorm (Alicante - SPAIN)"]
[Date "2012.12.04"]
[Round "5"]
[White "Soler Giner, Salvador"]
[Black "Riquelme Valero, Manuel Damian"]
[Result "0-1"]
[WhiteElo "2046"]
[BlackElo "2153"]
[PlyCount "44"]
[EventDate "2012.11.30"]
[EventRounds "10"]
[EventCountry "ESP"]

1. e4 c6 2. d4 d5 3. Nc3 g6 4. exd5 cxd5 5. Nf3 Bg7 6. h3 Nf6 7. Bf4 O-O 8. Bd3
Nc6 9. a3 Nh5 10. Bh2 Nxd4 11. g4 Nxf3+ 12. Qxf3 Nf6 13. O-O-O Be6 14. Be5 Qa5
15. g5 Nh5 16. Bxg7 Nxg7 17. Nb5 d4 18. h4 Rfd8 19. h5 Bd5 20. Qg4 Bxh1 21.
Rxh1 Nxh5 22. Rxh5 Qe1+ 0-1

[Event "XI GRAN TORNEO INTERNACIONAL AFICIONADOS"]
[Site "Benidorm (Alicante - SPAIN)"]
[Date "2012.12.04"]
[Round "5"]
[White "Collier, David O"]
[Black "Sevillano Garcia, Joaquin"]
[Result "1/2-1/2"]
[WhiteElo "2098"]
[BlackElo "1960"]
[PlyCount "46"]
[EventDate "2012.11.30"]
[EventRounds "10"]
[EventCountry "ESP"]

1. e4 e6 2. d3 d5 3. Nd2 Nf6 4. Ngf3 b6 5. g3 Bb7 6. e5 Nfd7 7. Bg2 Be7 8. O-O
O-O 9. Re1 Re8 10. Nf1 Nf8 11. d4 Nbd7 12. h4 h6 13. N1h2 f5 14. exf6 Nxf6 15.
Bh3 Bd6 16. Ne5 Ne4 17. Bf4 Bxe5 18. Bxe5 Ng6 19. Nf3 Nxe5 20. Nxe5 Qf6 21. Qe2
Rad8 22. Kg2 c5 23. c3 Re7 1/2-1/2

[Event "XI GRAN TORNEO INTERNACIONAL AFICIONADOS"]
[Site "Benidorm (Alicante - SPAIN)"]
[Date "2012.12.04"]
[Round "5"]
[White "Do Santos Julio, Joao Manuel"]
[Black "Cemborain Oricain, Alfonso"]
[Result "1-0"]
[WhiteElo "2087"]
[BlackElo "1944"]
[PlyCount "67"]
[EventDate "2012.11.30"]
[EventRounds "10"]
[EventCountry "ESP"]

1. e4 e6 2. d4 d5 3. e5 c5 4. c3 Nc6 5. Nf3 Qb6 6. Bd3 Bd7 7. Bc2 cxd4 8. cxd4
Nb4 9. O-O Nxc2 10. Qxc2 Rc8 11. Nc3 Ne7 12. a3 Nc6 13. Qd3 Na5 14. b4 Nc4 15.
Rb1 Qc7 16. Rb3 Be7 17. h3 h6 18. Re1 O-O 19. Nh2 a5 20. b5 Nb6 21. Ne2 Qc2 22.
Qg3 Qh7 23. Ng4 Kh8 24. a4 Rc4 25. Rf3 f5 26. exf6 Bxf6 27. Qd6 Rfc8 28. Nxf6
gxf6 29. Qxb6 Rg8 30. Be3 Qe4 31. Rg3 Re8 32. Qxb7 Re7 33. Nf4 Kh7 34. Ng6 1-0

[Event "XI GRAN TORNEO INTERNACIONAL AFICIONADOS"]
[Site "Benidorm (Alicante - SPAIN)"]
[Date "2012.12.04"]
[Round "5"]
[White "Martin Perez, Javier"]
[Black "Garcia Gata, Jorge D"]
[Result "0-1"]
[WhiteElo "2170"]
[BlackElo "2058"]
[PlyCount "56"]
[EventDate "2012.11.30"]
[EventRounds "10"]
[EventCountry "ESP"]

1. e4 c5 2. Nf3 Nc6 3. d4 cxd4 4. Nxd4 g6 5. Nc3 Bg7 6. Be3 Nf6 7. Bc4 O-O 8.
Bb3 d6 9. f3 Bd7 10. Qd2 Nxd4 11. Bxd4 b5 12. O-O a5 13. a4 b4 14. Ne2 Qc7 15.
Rad1 Nh5 16. g4 Bxd4+ 17. Qxd4 Ng7 18. e5 Ne6 19. Qd2 Qc5+ 20. Kh1 Qxe5 21. Ng3
Bc6 22. Rde1 Qd4 23. Qc1 Qxg4 24. Ne4 Qf4 25. Qd1 Nc5 26. Nxc5 dxc5 27. Rxe7 c4
28. Ba2 Rad8 0-1

[Event "XI GRAN TORNEO INTERNACIONAL AFICIONADOS"]
[Site "Benidorm (Alicante - SPAIN)"]
[Date "2012.12.04"]
[Round "5"]
[White "Bilquez, Romain"]
[Black "Martin Martin, Luis Vicente"]
[Result "1-0"]
[WhiteElo "2105"]
[BlackElo "2021"]
[PlyCount "59"]
[EventDate "2012.11.30"]
[EventRounds "10"]
[EventCountry "ESP"]

1. f4 b6 2. Nc3 Bb7 3. e4 Nf6 4. e5 Ne4 5. Nf3 c5 6. Nxe4 Bxe4 7. Bc4 e6 8. O-O
Be7 9. d3 Bb7 10. Qe1 O-O 11. Qg3 d5 12. exd6 Bxd6 13. Ng5 Nc6 14. Qg4 Nd4 15.
c3 b5 16. cxd4 bxc4 17. dxc4 cxd4 18. f5 exf5 19. Qxf5 g6 20. Qh3 h5 21. Bd2
Qc7 22. Rac1 Bc8 23. Qh4 Bg4 24. Ne4 Be7 25. Bg5 Rae8 26. Bxe7 Qxe7 27. Nf6+
Kh8 28. Rce1 Qd8 29. Qg5 Kg7 30. Rxe8 1-0

[Event "XI GRAN TORNEO INTERNACIONAL AFICIONADOS"]
[Site "Benidorm (Alicante - SPAIN)"]
[Date "2012.12.04"]
[Round "5"]
[White "Mataix Arbona, Cesar"]
[Black "Ridameya Tatche, Jose Miguel"]
[Result "1-0"]
[WhiteElo "2074"]
[BlackElo "1988"]
[PlyCount "39"]
[EventDate "2012.11.30"]
[EventRounds "10"]
[EventCountry "ESP"]

1. d4 d5 2. c4 e5 3. dxe5 d4 4. Nf3 Nc6 5. g3 Bg4 6. Bg2 Qd7 7. O-O O-O-O 8.
Qb3 Bh3 9. Rd1 Bxg2 10. Kxg2 Nge7 11. Bg5 h6 12. Bxe7 Qxe7 13. e3 g5 14. Nxd4
Nxe5 15. Nc3 Qc5 16. Rac1 Nxc4 17. Ncb5 Qd5+ 18. e4 Qxe4+ 19. f3 Ne3+ 20. Qxe3
1-0

[Event "XI GRAN TORNEO INTERNACIONAL AFICIONADOS"]
[Site "Benidorm (Alicante - SPAIN)"]
[Date "2012.12.04"]
[Round "5"]
[White "Gromovs, Sergejs"]
[Black "Benitez Fernandez, Martin Jesu"]
[Result "0-1"]
[WhiteElo "2215"]
[BlackElo "2026"]
[PlyCount "86"]
[EventDate "2012.11.30"]
[EventRounds "10"]
[EventCountry "ESP"]

1. d4 Nf6 2. Nf3 d5 3. c4 e6 4. Nc3 Be7 5. Bf4 c6 6. e3 Nbd7 7. Qc2 Nh5 8. Be5
Nxe5 9. dxe5 g6 10. g4 Ng7 11. O-O-O Qa5 12. h4 h5 13. gxh5 Rxh5 14. Bd3 Nf5
15. e4 dxe4 16. Bxe4 Bd7 17. Kb1 O-O-O 18. Ne2 Nxh4 19. Nxh4 Rxh4 20. Rxh4 Bxh4
21. f4 g5 22. Rf1 Be8 23. c5 Rd2 24. Qc4 Qb5 25. Qxb5 cxb5 26. Bf3 Bc6 27. Kc1
Rd7 28. Kc2 Kc7 29. b4 b6 30. cxb6+ Kxb6 31. Bxc6 Kxc6 32. Rh1 Bf2 33. fxg5 Be3
34. Nc3 Bxg5 35. Ne4 Bf4 36. Rh5 Rd5 37. Nd6 f5 38. Nc8 Rd7 39. Rh3 Bxe5 40.
Ra3 Bd4 41. Ra5 f4 42. a4 bxa4 43. Rxa4 Kb7 0-1

[Event "XI GRAN TORNEO INTERNACIONAL AFICIONADOS"]
[Site "Benidorm (Alicante - SPAIN)"]
[Date "2012.12.04"]
[Round "5"]
[White "Sabater Sanchez, Asensio"]
[Black "Spanton, Tim R"]
[Result "1-0"]
[WhiteElo "2141"]
[BlackElo "1994"]
[PlyCount "59"]
[EventDate "2012.11.30"]
[EventRounds "10"]
[EventCountry "ESP"]

1. d4 d5 2. c4 e5 3. dxe5 d4 4. Nf3 Nc6 5. g3 Nge7 6. Nbd2 Nf5 7. Bg2 Be6 8.
O-O Be7 9. a3 a5 10. b3 O-O 11. Bb2 Qd7 12. Rc1 Rfd8 13. Ne4 h6 14. h3 Qe8 15.
g4 Nh4 16. Nxh4 Bxh4 17. f4 f5 18. exf6 gxf6 19. g5 Qg6 20. Nxf6+ Kf7 21. Be4
Bf5 22. Bf3 Qg7 23. Bh5+ Kf8 24. Bg4 Bxg4 25. Nxg4 Qd7 26. Qd3 h5 27. Ne5 Nxe5
28. fxe5+ Kg7 29. Rf6 Qe8 30. Rh6 1-0

[Event "XI GRAN TORNEO INTERNACIONAL AFICIONADOS"]
[Site "Benidorm (Alicante - SPAIN)"]
[Date "2012.12.04"]
[Round "5"]
[White "Nordstrom, Hakon N"]
[Black "Cebolla Moll, Ricardo"]
[Result "1-0"]
[WhiteElo "1812"]
[BlackElo "2049"]
[PlyCount "39"]
[EventDate "2012.11.30"]
[EventRounds "10"]
[EventCountry "ESP"]

1. d4 Nf6 2. Bg5 g6 3. Bxf6 exf6 4. e4 d5 5. exd5 Qxd5 6. Nc3 Bb4 7. Nf3 O-O 8.
Be2 Qa5 9. Qd2 b6 10. O-O Bb7 11. Qf4 Bxc3 12. Qxc7 Ba6 13. Bxa6 Bxb2 14. Bb7
Na6 15. Qc4 Bxa1 16. Bxa8 Bxd4 17. Nxd4 Rxa8 18. Qc6 Rf8 19. Qxf6 Qd5 20. Nc6
1-0

[Event "XI GRAN TORNEO INTERNACIONAL AFICIONADOS"]
[Site "Benidorm (Alicante - SPAIN)"]
[Date "2012.12.05"]
[Round "6"]
[White "Martin Rueda, Daniel"]
[Black "Tejedor Fuentes, Enrique"]
[Result "1/2-1/2"]
[WhiteElo "2290"]
[BlackElo "2297"]
[PlyCount "35"]
[EventDate "2012.11.30"]
[EventRounds "10"]
[EventCountry "ESP"]

1. d4 Nf6 2. c4 e6 3. Nf3 d5 4. Nc3 Nbd7 5. cxd5 exd5 6. Bf4 c6 7. h3 Qa5 8. a3
Ne4 9. Rc1 Ndf6 10. Nd2 Bf5 11. e3 Nxc3 12. Rxc3 Be7 13. Be2 O-O 14. O-O Ne4
15. Nxe4 Bxe4 16. b4 Qb6 17. Qb3 a6 18. Rfc1 1/2-1/2

[Event "XI GRAN TORNEO INTERNACIONAL AFICIONADOS"]
[Site "Benidorm (Alicante - SPAIN)"]
[Date "2012.12.05"]
[Round "6"]
[White "Ivanov, Borislav"]
[Black "Voiteanu, Gabriel"]
[Result "1-0"]
[WhiteElo "2201"]
[BlackElo "2281"]
[PlyCount "23"]
[EventDate "2012.11.30"]
[EventRounds "10"]
[EventCountry "ESP"]

1. d4 Nf6 2. c4 e5 3. dxe5 Ng4 4. Bf4 Nc6 5. Nf3 Bb4+ 6. Nbd2 Qe7 7. e3 O-O 8.
Be2 Ngxe5 9. O-O Bxd2 10. Qxd2 a5 11. Nxe5 Nxe5 12. Qd5 1-0

[Event "XI GRAN TORNEO INTERNACIONAL AFICIONADOS"]
[Site "Benidorm (Alicante - SPAIN)"]
[Date "2012.12.05"]
[Round "6"]
[White "Ustianovich, Nazar"]
[Black "Simon Padros, Emili"]
[Result "1-0"]
[WhiteElo "2264"]
[BlackElo "2214"]
[PlyCount "95"]
[EventDate "2012.11.30"]
[EventRounds "10"]
[EventCountry "ESP"]

1. Nf3 Nf6 2. c4 g6 3. Nc3 Bg7 4. e4 d6 5. d4 O-O 6. h3 Na6 7. Bg5 h6 8. Be3 c5
9. d5 e6 10. dxe6 Bxe6 11. Qd2 Kh7 12. Be2 Qe7 13. Bf4 Rfd8 14. O-O Nc7 15.
Rad1 Nce8 16. Rfe1 a6 17. Qc1 Nd7 18. Bf1 Nb6 19. b3 Qf6 20. Rd3 g5 21. Bg3 Nd7
22. Rde3 Ne5 23. Nxe5 dxe5 24. Nd5 Qg6 25. Ne7 Qf6 26. Nd5 Qg6 27. Be2 f6 28.
Bg4 Bxg4 29. hxg4 Qf7 30. Qa3 Rac8 31. f3 Bf8 32. Qc1 Ng7 33. Kf2 Ne6 34. Rd1
Kg7 35. Red3 Nd4 36. Rh1 Bd6 37. Rdd1 b5 38. Rh5 Rh8 39. Rdh1 Rb8 40. Ne3 b4
41. Rd1 Rhd8 42. Rxd4 cxd4 43. Nf5+ Kf8 44. Rxh6 Ke8 45. Nxd6+ Rxd6 46. Rh8+
Kd7 47. Rxb8 Kc7 48. c5 1-0

[Event "XI GRAN TORNEO INTERNACIONAL AFICIONADOS"]
[Site "Benidorm (Alicante - SPAIN)"]
[Date "2012.12.05"]
[Round "6"]
[White "Burriel, Carlos"]
[Black "Lopez Del Alamo, Antonio"]
[Result "1/2-1/2"]
[WhiteElo "2159"]
[BlackElo "2241"]
[PlyCount "147"]
[EventDate "2012.11.30"]
[EventRounds "10"]
[EventCountry "ESP"]

1. d4 Nf6 2. c4 g6 3. Nc3 Bg7 4. e4 d6 5. Be2 O-O 6. Nf3 e5 7. O-O Nc6 8. d5
Ne7 9. b4 a5 10. Ba3 b6 11. bxa5 Rxa5 12. Bb4 Ra8 13. Nd2 c5 14. dxc6 Nxc6 15.
a3 Bb7 16. Re1 Bh6 17. Nf1 Nxb4 18. axb4 Nxe4 19. Rxa8 Bxa8 20. Nb5 Qh4 21. Ng3
Bd2 22. Rf1 Bxb4 23. Nxe4 Qxe4 24. Bf3 Qxc4 25. Nxd6 Bxd6 26. Bxa8 Bc5 27. Bd5
Qf4 28. Qb3 Kg7 29. g3 Qf6 30. Kg2 Re8 31. Be4 Rd8 32. Bd5 Qf5 33. Qc4 Rd6 34.
h4 h5 35. f3 Rf6 36. Rd1 Qd7 37. Rd3 Qa7 38. Rd1 Qa3 39. Qe2 Qe3 40. Qf1 Bd6
41. Rd3 Qc5 42. Be4 b5 43. Rd5 Qe3 44. Qxb5 Bc7 45. Qd3 Qc1 46. Qc2 Qxc2+ 47.
Bxc2 Rb6 48. Rd7 Bd6 49. Be4 Kf8 50. Bd5 Rb2+ 51. Kh3 Be7 52. Rb7 Rd2 53. Bc4
f5 54. Rb8+ Kg7 55. Rb7 Kf8 56. Rb8+ Bd8 57. Ra8 Rd4 58. Bb3 Kg7 59. Ra7+ Kh6
60. Bg8 g5 61. hxg5+ Kxg5 62. Rg7+ Kh6 63. Rh7+ Kg6 64. Ra7 e4 65. Bf7+ Kh6 66.
Ra6+ Kg7 67. Bxh5 e3 68. Re6 Rd3 69. f4 Bf6 70. Be2 Rc3 71. g4 fxg4+ 72. Kxg4
Kf7 73. Re4 Ra3 74. Kf3 1/2-1/2